| 000 | 01806cam a2200265 i 4500 | ||
|---|---|---|---|
| 001 | 18087747 | ||
| 003 | OSt | ||
| 005 | 20150818035216.0 | ||
| 008 | 140331s2015 maua g b 001 0 eng | ||
| 020 | _a9781292002972 | ||
| 040 |
_aMa-un _beng |
||
| 043 | _ad------ | ||
| 082 | 0 | 0 |
_a338.90091724 _222 _bTME |
| 100 | 1 |
_aTodaro, Michael P. _950794 |
|
| 245 | 1 | 0 |
_aEconomic development / _cMichael P. Todaro, Stephen C. Smith. |
| 250 | _aTwelfth edition. | ||
| 260 |
_aBoston : _bPearson, _c2015. |
||
| 300 |
_axxvii, 860 p. : _billustrations ; _c26 cm |
||
| 504 | _aIncludes bibliographical references and indexes. | ||
| 505 | 0 | _aPrinciples and concepts -- Introducing economic development : a global perspective -- Comparative economic development -- Classic theories of economic growth and development -- Contemporary models of development and underdevelopment -- Problems and policies : domestic -- Poverty, inequality, and development -- Population growth and economic development : causes, consequences, and controversies -- Urbanization and rural-urban migration : theory and policy -- Human capital : education and health in economic development -- Agricultural transformation and rural development -- The environment and development -- Development policymaking and the roles of market, state, and civil society -- Problems and policies : international and macro -- International trade theory and development strategy -- Balance of payments, debt, financial crises, and stabilization policies -- Foreign finance, investment, aid, and conflict: controversies and opportunities -- Finance and fiscal policy for development. | |
| 650 | 0 |
_aEconomic development. _950795 |
|
| 651 | 0 |
_aDeveloping countries _xEconomic policy. _950796 |
|
| 700 | 1 |
_aSmith, Stephen C., _d1955- _950797 |
|
| 942 |
_2ddc _cBOOK |
||
| 999 |
_c38105 _d272605 |
||